000
00265nam a22000977a 4500
999
_c
521503
_d
521503
082
_a
TNC BA27x54 M88s
100
_a
Mukherji, Anindita
_9
35375
245
_a
Socio-Economic Backwardness In Women
_c
Anindita Mukherji
260
_a
New delhi
_b
Ashish
_c
1987
300
_a
67p.